[Event "4NCL Online Division 4"]
[Site "online"]
[Date "2020.10.06"]
[Round "4.32"]
[White "Litwiniec, Miroslawa"]
[Black "Dean, Robert A"]
[Result "1-0"]
[WhiteElo "1817"]
[BlackElo "1744"]
[PlyCount "117"]
[EventDate "2020.10.06"]
[WhiteTeam "Wantage"]
[BlackTeam "Bradford DCA Knights B"]

1. e4 e6 2. d4 d5 3. exd5 exd5 4. Bd3 Nc6 5. c3 Bd6 6. Ne2 Bg4 7. Qc2 Qd7 8.
Bg5 f6 9. Bh4 Nge7 10. Bg3 O-O-O 11. f3 Bh5 12. Nd2 Rde8 13. O-O-O Bg6 14. Nf4
Bxd3 15. Nxd3 Nf5 16. Nf1 Na5 17. Bxd6 Qxd6 18. g4 Ne3 19. Nxe3 Rxe3 20. Qf2
Re7 21. Rhe1 Rhe8 22. h4 Nc4 23. Rxe7 Rxe7 24. Re1 b6 25. g5 Kd7 26. f4 Re4 27.
b3 Na5 28. Qg3 Qe6 29. Kd2 Nb7 30. gxf6 gxf6 31. Qg7+ Qe7 32. Qg4+ Kd8 33. Qg8+
Kd7 34. Qxd5+ Nd6 35. c4 Rxe1 36. Nxe1 c6 37. Qg2 Ne4+ 38. Kd3 f5 39. Nf3 Qb4
40. Ne5+ Kc8 41. Qg8+ Kb7 42. Qf7+ Ka6 43. Qxa7+ Kxa7 44. Nxc6+ Kb7 45. Nxb4
Nf2+ 46. Ke3 Nd1+ 47. Kd2 Nf2 48. d5 Ne4+ 49. Ke3 Kc7 50. Kd4 Kd6 51. Nd3 h6
52. b4 Nd2 53. c5+ bxc5+ 54. bxc5+ Kc7 55. Ne5 Ne4 56. d6+ Kd8 57. d7 Nf6 58.
c6 Kc7 59. Nf7 1-0

[Event "4NCL Online Division 4"]
[Site "online"]
[Date "2020.10.06"]
[Round "4.33"]
[White "Holliday, John K"]
[Black "Richards, Simon A"]
[Result "1-0"]
[WhiteElo "1798"]
[BlackElo "1600"]
[PlyCount "65"]
[EventDate "2020.10.06"]
[WhiteTeam "Bradford DCA Knights B"]
[BlackTeam "Wantage"]

1. e4 e5 2. Nf3 Nc6 3. Bc4 Be7 4. Nc3 Nf6 5. d3 d6 6. Ne2 h6 7. Ng3 O-O 8. c3
Bg4 9. h3 Be6 10. Bb3 Bxb3 11. axb3 a6 12. Nf5 Nh7 13. h4 Bf6 14. g4 Re8 15. g5
hxg5 16. hxg5 Nxg5 17. Nxg5 Bxg5 18. Qh5 f6 19. Qh7+ Kf7 20. Qxg7+ Ke6 21. d4
d5 22. Bxg5 Rg8 23. exd5+ Kxf5 24. Qh7+ Kxg5 25. Rg1+ Kf4 26. Qh4+ Kf5 27. Qh3+
Ke4 28. Qh1+ Kd3 29. Qf3+ Kc2 30. Qd1+ Kxb2 31. Rb1+ Ka3 32. Qc1+ Ka2 33. Qb2#
1-0

[Event "4NCL Online Division 4"]
[Site "online"]
[Date "2020.10.06"]
[Round "4.34"]
[White "Mills, Matt"]
[Black "Ibbitson, Anthony"]
[Result "0-1"]
[WhiteElo "1480"]
[BlackElo "1735"]
[PlyCount "70"]
[EventDate "2020.10.06"]
[WhiteTeam "Wantage"]
[BlackTeam "Bradford DCA Knights B"]

1. b4 d5 2. Bb2 Nf6 3. a3 Bf5 4. Nf3 e6 5. g3 Nbd7 6. Bg2 h6 7. d3 c6 8. e4
dxe4 9. dxe4 Bxe4 10. O-O Be7 11. c4 O-O 12. Nc3 Bh7 13. c5 Qc7 14. Ne2 Rfd8
15. Qb3 Nd5 16. Rad1 a5 17. Rd4 axb4 18. axb4 Bf6 19. Rg4 Bxb2 20. Qxb2 N7f6
21. Rd4 b6 22. Nf4 bxc5 23. bxc5 Ra5 24. Nxd5 cxd5 25. Qb6 Rxc5 26. Qxc7 Rxc7
27. Ne5 Rdc8 28. f4 Nd7 29. Re1 Nxe5 30. Rxe5 Rc2 31. g4 Ra2 32. Bf3 Rc1+ 33.
Rd1 Rxd1+ 34. Bxd1 Ra1 35. f5 Rxd1+ 0-1

[Event "4NCL Online Division 4"]
[Site "online"]
[Date "2020.10.06"]
[Round "4.41"]
[White "Whatmore, Steve"]
[Black "Cullen, Ben"]
[Result "1-0"]
[WhiteElo "1825"]
[BlackElo "1888"]
[PlyCount "67"]
[EventDate "2020.10.06"]
[WhiteTeam "Rugeley Rangers"]
[BlackTeam "Gondaga"]

1. d4 Nf6 2. c4 g6 3. Nf3 Bg7 4. Nc3 d5 5. e3 O-O 6. Qc2 c6 7. b3 Na6 8. Ba3
Qa5 9. Bxe7 Ne4 10. Rc1 Re8 11. b4 Nxb4 12. Bxb4 Qxb4 13. Qb3 Qa5 14. cxd5 Nxc3
15. Qxc3 Qxd5 16. Bc4 Qh5 17. O-O c5 18. Qb3 g5 19. dxc5 Bg4 20. Bd5 Rab8 21.
Rc4 Be6 22. Bxe6 Rxe6 23. c6 b6 24. Rd1 Bf6 25. Rd7 Rc8 26. c7 b5 27. Rc5 Qg4
28. h3 Qe4 29. Nxg5 Bxg5 30. Rxg5+ Kf8 31. Rd8+ Re8 32. Rxe8+ Qxe8 33. Qb4+ Qe7
34. Rg8+ 1-0

[Event "4NCL Online Division 4"]
[Site "online"]
[Date "2020.10.06"]
[Round "4.42"]
[White "Goss, Alex"]
[Black "Carr, Matthew"]
[Result "1-0"]
[WhiteElo "1828"]
[BlackElo "1705"]
[PlyCount "121"]
[EventDate "2020.10.06"]
[WhiteTeam "Gondaga"]
[BlackTeam "Rugeley Rangers"]

1. e4 e6 2. d4 d5 3. Nd2 Nf6 4. e5 Nfd7 5. Bd3 c5 6. c3 Nc6 7. Ne2 Be7 8. O-O
O-O 9. Nf3 cxd4 10. cxd4 f6 11. Nf4 Nb6 12. exf6 Bxf6 13. Nh5 e5 14. Nxf6+ Qxf6
15. dxe5 Nxe5 16. Nxe5 Qxe5 17. Re1 Qf6 18. Be3 Bf5 19. Bxf5 Qxf5 20. Bxb6 axb6
21. Qd4 Rf6 22. Re5 Qc2 23. Rxd5 Raf8 24. Rf1 Qc6 25. Rd7 Kh8 26. Qd5 Qc2 27.
Qd2 Qc6 28. Rd8 Qc5 29. Rxf8+ Qxf8 30. Rd1 Kg8 31. Qd5+ Qf7 32. Qxf7+ Rxf7 33.
Rd8+ Rf8 34. Rxf8+ Kxf8 35. Kf1 Ke7 36. Ke2 Kd6 37. Kd3 Kd5 38. b4 b5 39. a3 g5
40. h3 h5 41. g3 g4 42. hxg4 hxg4 43. Ke3 Ke5 44. f3 gxf3 45. Kxf3 Kf5 46. g4+
Kg5 47. Kg3 b6 48. Kf3 Kf6 49. Kf4 Kg6 50. g5 Kg7 51. Kf5 Kf7 52. g6+ Kg7 53.
Kg5 Kg8 54. Kf6 Kf8 55. g7+ Kg8 56. Ke6 Kxg7 57. Kd6 Kf6 58. Kc6 Ke6 59. Kxb5
Kd7 60. Kxb6 Kc8 61. Ka7 1-0

[Event "4NCL Online Division 4"]
[Site "online"]
[Date "2020.10.06"]
[Round "4.43"]
[White "Sullivan, Luke"]
[Black "Moran, Hugh"]
[Result "1-0"]
[WhiteElo "1525"]
[BlackElo "1711"]
[PlyCount "77"]
[EventDate "2020.10.06"]
[WhiteTeam "Rugeley Rangers"]
[BlackTeam "Gondaga"]

1. c4 d6 2. g3 e5 3. Bg2 f5 4. Nc3 Nf6 5. d3 Be7 6. Nh3 O-O 7. Qb3 Nc6 8. a3
Nd4 9. Qd1 Rb8 10. e3 Nc6 11. Qb3 Be6 12. Ng5 Bf7 13. Bd2 h6 14. Nxf7 Rxf7 15.
Nd5 Kh8 16. Nxf6 Rxf6 17. Qd1 f4 18. O-O fxe3 19. fxe3 Qf8 20. Rxf6 Qxf6 21.
Qb3 Qf8 22. Rf1 Qe8 23. Bd5 Bf6 24. Qd1 Ne7 25. Bg2 b5 26. cxb5 Qxb5 27. Bc3
Nd5 28. Bxd5 Qxd5 29. e4 Qc5+ 30. Kg2 c6 31. Qh5 Qe3 32. Rf3 Qe2+ 33. Kh3 d5
34. Bxe5 dxe4 35. dxe4 Rf8 36. Bxf6 Qxe4 37. Qxh6+ Qh7 38. Bxg7+ Kg8 39. Rxf8#
1-0

[Event "4NCL Online Division 4"]
[Site "online"]
[Date "2020.10.06"]
[Round "4.44"]
[White "Hunter, Sean"]
[Black "Wood, Ryan"]
[Result "1-0"]
[WhiteElo "1706"]
[BlackElo "1390"]
[PlyCount "51"]
[EventDate "2020.10.06"]
[WhiteTeam "Gondaga"]
[BlackTeam "Rugeley Rangers"]

1. e4 e5 2. Nf3 Nc6 3. Bc4 Bc5 4. d3 h6 5. c3 Nf6 6. O-O d5 7. exd5 Nxd5 8. Re1
f6 9. d4 Nb6 10. Bb3 Bd6 11. Qd3 Qe7 12. Nh4 Qd7 13. Ng6 Rf8 14. Nxf8 Bxf8 15.
Nd2 Nd5 16. Nf3 Qe6 17. dxe5 Nxe5 18. Nxe5 fxe5 19. Qxd5 Qxd5 20. Bxd5 Bd6 21.
Bf4 c6 22. Bxe5 Bxe5 23. Rxe5+ Kd7 24. Bf3 Kd6 25. Re8 Kd7 26. Rg8 1-0

[Event "4NCL Online Division 4"]
[Site "online"]
[Date "2020.10.06"]
[Round "4.51"]
[White "Gemmell, John"]
[Black "Rizvi, Nasir"]
[Result "0-1"]
[WhiteElo "1922"]
[BlackElo "1989"]
[PlyCount "58"]
[EventDate "2020.10.06"]
[WhiteTeam "St Albans 2"]
[BlackTeam "4 Gems"]

1. d4 Nf6 2. Bf4 d5 3. e3 g6 4. Nc3 Bg7 5. h4 O-O 6. h5 c5 7. hxg6 fxg6 8. dxc5
Nc6 9. Nf3 Bg4 10. Qd2 Qa5 11. Ne5 Rad8 12. f3 Be6 13. Bd3 Qxc5 14. g4 d4 15.
exd4 Nxd4 16. O-O-O Bxa2 17. Nxa2 Nb3+ 18. Kb1 Nxd2+ 19. Rxd2 b5 20. Nc3 a6 21.
Rdh2 Nxg4 22. Nxg4 Rxf4 23. Rxh7 Rxd3 24. cxd3 Rxg4 25. fxg4 Bxc3 26. bxc3 Qxc3
27. R1h3 a5 28. g5 a4 29. Rh8+ Qxh8 0-1

[Event "4NCL Online Division 4"]
[Site "online"]
[Date "2020.10.06"]
[Round "4.52"]
[White "Damodaran, Patrick"]
[Black "Sommerbauer-Cornell, Ben"]
[Result "0-1"]
[WhiteElo "1498"]
[BlackElo "1915"]
[PlyCount "118"]
[EventDate "2020.10.06"]
[WhiteTeam "4 Gems"]
[BlackTeam "St Albans 2"]

1. c4 Nf6 2. d4 e6 3. Nc3 c5 4. e3 d5 5. cxd5 exd5 6. Nf3 Nc6 7. Bb5 a6 8.
Bxc6+ bxc6 9. O-O Bd6 10. dxc5 Bxc5 11. Qc2 O-O 12. Rd1 Qe7 13. Bd2 Bg4 14. Kh1
Bd6 15. Ne2 Ne4 16. Rf1 Bxf3 17. gxf3 Qh4 18. Ng3 Bxg3 19. fxg3 Nxg3+ 20. Kg2
Nxf1 21. Rxf1 Rac8 22. Bc3 c5 23. Qf5 d4 24. Be1 Qe7 25. e4 Qb7 26. Rf2 Rfe8
27. Kh1 Re6 28. h4 Rf6 29. Qg5 Qd7 30. Kh2 Rg6 31. Qh5 c4 32. Rd2 Qc7+ 33. e5
c3 34. Rc2 Qc4 35. Qf5 Rd8 36. h5 Rb6 37. Rg2 h6 38. Bh4 Rdb8 39. Bf6 Rxb2 40.
Bxg7 Rxg2+ 41. Kxg2 Qe2+ 42. Kg3 Qe1+ 43. Kh3 Qh1+ 44. Kg3 Qg1+ 45. Kh3 Rb2 46.
Qf4 Qh2+ 47. Qxh2 Rxh2+ 48. Kxh2 Kxg7 49. e6 fxe6 50. f4 c2 51. f5 c1=Q 52.
fxe6 Qe3 53. e7 Qxe7 54. a4 Qg5 55. a5 Kf6 56. Kh3 Kf5 57. Kh2 Kf4 58. Kh1 Kf3
59. Kh2 Qg2# 0-1

[Event "4NCL Online Division 4"]
[Site "online"]
[Date "2020.10.06"]
[Round "4.53"]
[White "Palmer, James C"]
[Black "Whelan, Joseph"]
[Result "1-0"]
[WhiteElo "1705"]
[BlackElo "1358"]
[PlyCount "129"]
[EventDate "2020.10.06"]
[WhiteTeam "St Albans 2"]
[BlackTeam "4 Gems"]

1. e4 e6 2. d4 d5 3. e5 c5 4. c3 Nc6 5. Be3 c4 6. f4 Nge7 7. Nf3 Nf5 8. Qe2 Qb6
9. Bc1 Bd7 10. g4 Nfe7 11. Bg2 h6 12. O-O O-O-O 13. a4 Na5 14. Na3 Nb3 15. Ra2
Nxc1 16. Rxc1 Ng6 17. Qd2 Qb3 18. Rca1 a6 19. Nc2 Nxf4 20. Qxf4 Qxc2 21. Qxf7
Qh7 22. b4 g5 23. Qxh7 Rxh7 24. Rf2 Rf7 25. a5 Bb5 26. Raf1 Rdd7 27. h4 Be7 28.
hxg5 Bxg5 29. Nxg5 Rxf2 30. Rxf2 hxg5 31. Rf6 Rg7 32. Rxe6 Bd7 33. Rf6 Bxg4 34.
Bxd5 Kc7 35. Bxc4 Bd1 36. Rf7+ Rxf7 37. Bxf7 Kd7 38. Kf2 Ke7 39. e6 Bb3 40. Kg3
Bxe6 41. Bxe6 Kxe6 42. Kg4 Kf6 43. c4 Kg6 44. b5 Kf6 45. c5 Ke6 46. bxa6 bxa6
47. Kxg5 Kd5 48. Kf5 Kc6 49. Ke6 Kc7 50. d5 Kd8 51. d6 Ke8 52. Kd5 Kd7 53. c6+
Kc8 54. Kc5 Kd8 55. Kb6 Kc8 56. Kxa6 Kb8 57. Kb6 Kc8 58. a6 Kd8 59. a7 Ke8 60.
a8=Q+ Kf7 61. d7 Kg6 62. d8=Q Kh5 63. Qg8 Kh6 64. Qa1 Kh5 65. Qh1# 1-0

[Event "4NCL Online Division 4"]
[Site "online"]
[Date "2020.10.06"]
[Round "4.54"]
[White "Rizvi, Aysha"]
[Black "Pines, Chris"]
[Result "0-1"]
[WhiteElo "1367"]
[BlackElo "1555"]
[PlyCount "88"]
[EventDate "2020.10.06"]
[WhiteTeam "4 Gems"]
[BlackTeam "St Albans 2"]

1. c4 c5 2. g3 Nc6 3. Bg2 Nf6 4. Nf3 e5 5. Nc3 Be7 6. O-O O-O 7. a3 b6 8. Nxe5
Qc7 9. Nxc6 dxc6 10. Rb1 Rb8 11. b4 Bf5 12. Rb3 Qd7 13. d3 Bh3 14. Bf4 Rbe8 15.
b5 cxb5 16. cxb5 Qe6 17. Bc6 Rc8 18. Re1 a6 19. Bh1 a5 20. Rb2 Nh5 21. e3 g5
22. Bxg5 Bxg5 23. Qxh5 Qg4 24. Bf3 Qxh5 25. Bxh5 Bf6 26. Nd5 Bxb2 27. Ne7+ Kg7
28. Nxc8 Rxc8 29. a4 Rd8 30. Be2 Be6 31. Rb1 Bf6 32. Rd1 Bb3 33. Ra1 Bxa1 34.
Kg2 Bxa4 35. f4 Bxb5 36. Kf3 Bxd3 37. Bd1 Bg6 38. Ba4 c4 39. g4 h5 40. f5 hxg4+
41. Kxg4 Bh7 42. Kg5 f6+ 43. Kg4 c3 44. e4 Rd2 0-1

[Event "4NCL Online Division 4"]
[Site "online"]
[Date "2020.10.06"]
[Round "4.61"]
[White "Dunlop, Anthony"]
[Black "Hooker, Steve"]
[Result "0-1"]
[WhiteElo "1784"]
[BlackElo "1960"]
[PlyCount "68"]
[EventDate "2020.10.06"]
[WhiteTeam "East Kilbride Strollers"]
[BlackTeam "Dorking Casuals"]

1. f4 g6 2. d4 Bg7 3. e4 d6 4. c3 Nd7 5. Nf3 c5 6. d5 Ngf6 7. Bd3 O-O 8. O-O e6
9. dxe6 fxe6 10. Nbd2 d5 11. e5 Ng4 12. Ng5 Ne3 13. Nxe6 Qb6 14. Qb3 Qxe6 15.
c4 Nb6 16. cxd5 Qxd5 17. Qxd5+ Nexd5 18. Nc4 Nxc4 19. Bxc4 Be6 20. Be3 b6 21.
Bxd5 Bxd5 22. Rfd1 Rad8 23. h3 Bh6 24. g4 Bxf4 25. Bxf4 Rxf4 26. Re1 Be6 27.
Re2 Kf7 28. b3 Ke7 29. Kg2 Bd7 30. Kg3 Rdf8 31. Rd1 Rf3+ 32. Kh4 h6 33. e6 Be8
34. Rh1 g5# 0-1

[Event "4NCL Online Division 4"]
[Site "online"]
[Date "2020.10.06"]
[Round "4.62"]
[White "Herman, Thomas"]
[Black "Robertson, Jim"]
[Result "1-0"]
[WhiteElo "1847"]
[BlackElo "1604"]
[PlyCount "51"]
[EventDate "2020.10.06"]
[WhiteTeam "Dorking Casuals"]
[BlackTeam "East Kilbride Strollers"]

1. e4 c6 2. d4 d5 3. exd5 cxd5 4. Nf3 e6 5. Bd3 Nc6 6. O-O Qc7 7. c3 Nf6 8. Re1
Bd6 9. Bg5 Bd7 10. Na3 a6 11. Nc2 Ng4 12. g3 h6 13. Bd2 O-O-O 14. b4 b5 15. a4
Na7 16. axb5 Bxb5 17. Qe2 Kb7 18. Ra5 Ra8 19. Rea1 e5 20. dxe5 Nxe5 21. Nxe5
Bxe5 22. Nd4 Rhe8 23. Qf3 Qd7 24. Nxb5 Nxb5 25. Bc4 Bc7 26. Bxd5+ 1-0

[Event "4NCL Online Division 4"]
[Site "online"]
[Date "2020.10.06"]
[Round "4.63"]
[White "Peakman, Jonlee"]
[Black "Collins, Anthony S"]
[Result "1-0"]
[WhiteElo "1261"]
[BlackElo "1716"]
[PlyCount "69"]
[EventDate "2020.10.06"]
[WhiteTeam "East Kilbride Strollers"]
[BlackTeam "Dorking Casuals"]

1. d4 Nf6 2. c4 g6 3. Nc3 Bg7 4. e4 d6 5. Be2 O-O 6. Be3 Nc6 7. d5 Ne5 8. h3 c5
9. g4 Qa5 10. Bd2 a6 11. f4 Ned7 12. g5 Ne8 13. h4 e6 14. h5 Rb8 15. hxg6 hxg6
16. dxe6 fxe6 17. Bg4 Kf7 18. Nf3 Rh8 19. Rxh8 Bxh8 20. Qe2 Qb4 21. Qh2 Bg7 22.
f5 exf5 23. exf5 Qxc4 24. Qh3 b5 25. f6 Bxf6 26. gxf6 Nexf6 27. Ng5+ Ke7 28.
Be2 Qd4 29. O-O-O Ne5 30. Qh6 Kd7 31. Qg7+ Kc6 32. Nf3 Nxf3 33. Bxf3+ Kb6 34.
Bg5 Ne8 35. Bd8+ 1-0

[Event "4NCL Online Division 4"]
[Site "online"]
[Date "2020.10.06"]
[Round "4.64"]
[White "Davies, Will"]
[Black "Tandon, Ashley"]
[Result "1/2-1/2"]
[WhiteElo "1547"]
[BlackElo "911"]
[PlyCount "111"]
[EventDate "2020.10.06"]
[WhiteTeam "Dorking Casuals"]
[BlackTeam "East Kilbride Strollers"]

1. e4 c6 2. d4 d5 3. e5 Bf5 4. h4 h5 5. Be2 e6 6. Be3 Nd7 7. Nf3 Ne7 8. Ng5 Bg6
9. Nc3 a6 10. Qd2 c5 11. Bd3 Nf5 12. Bxf5 Bxf5 13. Ne2 Qb6 14. c3 f6 15. exf6
gxf6 16. Nf3 O-O-O 17. Ng3 Be4 18. Nxe4 dxe4 19. Ng1 Ne5 20. Qe2 Nd3+ 21. Kf1
Qxb2 22. Qxb2 Nxb2 23. f3 Nc4 24. Bf2 e3 25. Be1 cxd4 26. cxd4 Nd2+ 27. Ke2
Rxd4 28. Kxe3 Rd7 29. Bxd2 Bh6+ 30. f4 Bxf4+ 31. Kxf4 Rxd2 32. Rh2 Rg8 33. Kf3
e5 34. Ne2 f5 35. g3 Rd3+ 36. Kf2 f4 37. gxf4 exf4 38. Rc1+ Kb8 39. Nxf4 Rd2+
40. Ne2 Rxa2 41. Rh3 Re8 42. Re3 Rxe3 43. Kxe3 Ra3+ 44. Rc3 Rxc3+ 45. Nxc3 Kc7
46. Nd5+ Kd6 47. Nf6 Ke5 48. Nxh5 Kf5 49. Ng7+ Kg6 50. Ne6 Kh5 51. Kd4 Kxh4 52.
Kc5 Kg4 53. Kb6 Kf5 54. Nc7 Ke5 55. Nxa6 bxa6 56. Kxa6 1/2-1/2

[Event "4NCL Online Division 4"]
[Site "online"]
[Date "2020.10.06"]
[Round "4.71"]
[White "Fairclough, William"]
[Black "Bush, Ian"]
[Result "1/2-1/2"]
[WhiteElo "1465"]
[BlackElo "1862"]
[PlyCount "149"]
[EventDate "2020.10.06"]
[WhiteTeam "Manchester Juniors B"]
[BlackTeam "Oxford 3"]

1. e4 d6 2. Nf3 Nf6 3. Nc3 g6 4. d4 Bg7 5. Bc4 Nc6 6. O-O Bg4 7. Be3 O-O 8. h3
Bxf3 9. Qxf3 e5 10. dxe5 Nxe5 11. Qe2 Nxc4 12. Qxc4 Re8 13. Bg5 Qd7 14. Rfe1 a6
15. Bxf6 Bxf6 16. Nd5 Bxb2 17. Rab1 Bg7 18. Nxc7 Rac8 19. Rxb7 Re7 20. Nd5 Rxc4
21. Nxe7+ Qxe7 22. Rxe7 Rxc2 23. Re8+ Bf8 24. Ra1 Kg7 25. Ra8 Rc6 26. Re1 Be7
27. e5 dxe5 28. Rxe5 Bd6 29. Re1 Bb4 30. Rb1 a5 31. a3 Bxa3 32. Rxa5 Rc1+ 33.
Rxc1 Bxc1 34. Rc5 Ba3 35. Rc3 Bd6 36. Rc6 Be5 37. Kf1 g5 38. Ke2 f6 39. Kd3 Kg6
40. Ke4 h5 41. g3 Bb2 42. f4 gxf4 43. gxf4 Kf7 44. Rc7+ Kg6 45. h4 Kh6 46. Rc8
Kg7 47. Rc7+ Kg6 48. f5+ Kh6 49. Rc8 Kg7 50. Rc2 Be5 51. Rg2+ Kf7 52. Rg6 Bb2
53. Rh6 Kg7 54. Rxh5 Be5 55. Kd5 Ba1 56. Ke6 Bb2 57. Ke7 Ba1 58. Kd6 Be5+ 59.
Kd5 Bb2 60. Ke4 Bc1 61. Kf3 Bb2 62. Kg4 Bc1 63. Rg5+ fxg5 64. hxg5 Bxg5 65.
Kxg5 Kf7 66. f6 Kf8 67. Kg6 Kg8 68. Kf5 Kf7 69. Ke5 Kf8 70. Ke6 Ke8 71. Kf5 Kf7
72. Kg5 Kf8 73. Kg6 Kg8 74. Kh6 Kf7 75. Kg5 1/2-1/2

[Event "4NCL Online Division 4"]
[Site "online"]
[Date "2020.10.06"]
[Round "4.72"]
[White "Evans, Christopher J"]
[Black "Correa, Rebecca"]
[Result "1-0"]
[WhiteElo "1847"]
[BlackElo "1435"]
[PlyCount "75"]
[EventDate "2020.10.06"]
[WhiteTeam "Oxford 3"]
[BlackTeam "Manchester Juniors B"]

1. e4 c5 2. Nf3 d6 3. d4 cxd4 4. Nxd4 Nf6 5. Nc3 a6 6. Bg5 e5 7. Nb3 Be6 8. Be2
Be7 9. Bxf6 Bxf6 10. Qd3 O-O 11. O-O-O Be7 12. Nd5 Bg5+ 13. Kb1 Nc6 14. h4 Bxh4
15. g3 Bg5 16. f4 Bh6 17. f5 Bxd5 18. exd5 Ne7 19. Qf3 f6 20. g4 Rc8 21. Nd2
Qc7 22. Bd3 Qc5 23. c4 Qe3 24. Qf1 Qf4 25. Qg2 Rc7 26. Ne4 Rd8 27. Rh3 Rdc8 28.
Rf3 Qxf3 29. Qxf3 Bf4 30. Nxd6 Rd8 31. Ne4 Nc8 32. c5 Rcd7 33. d6 Na7 34. Rh1
Nc6 35. Bc4+ Kh8 36. g5 fxg5 37. Rxh7+ Kxh7 38. Qh3# 1-0

[Event "4NCL Online Division 4"]
[Site "online"]
[Date "2020.10.06"]
[Round "4.73"]
[White "Eccleston, Bryony"]
[Black "Neatherway, A Philip"]
[Result "1-0"]
[WhiteElo "1405"]
[BlackElo "1798"]
[PlyCount "84"]
[EventDate "2020.10.06"]
[WhiteTeam "Manchester Juniors B"]
[BlackTeam "Oxford 3"]

1. d4 Nf6 2. Bf4 g6 3. Nf3 d5 4. e3 Bg7 5. Bd3 c5 6. c3 cxd4 7. exd4 Nc6 8. O-O
O-O 9. Nbd2 Nh5 10. Bg5 h6 11. Bh4 Nf4 12. Bc2 Bg4 13. Re1 Qd7 14. Ba4 Rfe8 15.
Qb3 g5 16. Bg3 Ng6 17. Ne5 Ngxe5 18. Bxe5 a6 19. Bxg7 Kxg7 20. Qc2 b5 21. Bb3
e6 22. a4 Rac8 23. Qd3 Na5 24. axb5 Nxb3 25. Nxb3 axb5 26. Nc5 Qc7 27. h3 Bf5
28. Qxb5 Rb8 29. Qe2 Qf4 30. b4 Kh7 31. Qe5 Qd2 32. Re3 Rbd8 33. Ra7 Bg6 34.
Nxe6 Rxe6 35. Qxe6 Ra8 36. Rxf7+ Bxf7 37. Qxf7+ Kh8 38. Qf6+ Kg8 39. Qg6+ Kf8
40. Qxh6+ Kg8 41. Qxg5+ Kf8 42. Rf3+ Ke8 1-0

[Event "4NCL Online Division 4"]
[Site "online"]
[Date "2020.10.06"]
[Round "4.74"]
[White "Cole, Graham"]
[Black "Correa, Edward"]
[Result "1-0"]
[WhiteElo "1818"]
[BlackElo "1262"]
[PlyCount "33"]
[EventDate "2020.10.06"]
[WhiteTeam "Oxford 3"]
[BlackTeam "Manchester Juniors B"]

1. e4 c5 2. Nf3 e6 3. d4 cxd4 4. Nxd4 Nf6 5. Nc3 Qc7 6. a3 a6 7. Be3 Bc5 8. Qd2
b6 9. f3 Bb7 10. Bd3 d6 11. O-O Nc6 12. Nxc6 Bxe3+ 13. Qxe3 Bxc6 14. f4 e5 15.
fxe5 dxe5 16. Qg5 Rg8 17. Rxf6 1-0

[Event "4NCL Online Division 4"]
[Site "online"]
[Date "2020.10.06"]
[Round "4.81"]
[White "Ball, Matthew P"]
[Black "Hann, R Mark"]
[Result "1/2-1/2"]
[WhiteElo "1690"]
[BlackElo "2035"]
[PlyCount "111"]
[EventDate "2020.10.06"]
[WhiteTeam "Doughnuts of Doom"]
[BlackTeam "Bolton and Worsley"]

1. d4 e6 2. Nf3 f5 3. h4 Nf6 4. Bf4 b6 5. h5 Bb7 6. e3 Bd6 7. Bg5 Be7 8. Bc4
Ne4 9. Bxe7 Qxe7 10. c3 Nc6 11. Qe2 Nd8 12. Nbd2 Nf7 13. O-O-O Nfd6 14. Bb3 a5
15. Nxe4 Nxe4 16. d5 O-O-O 17. dxe6 dxe6 18. Nd4 Nc5 19. Bc4 Kb8 20. f3 g6 21.
hxg6 hxg6 22. Kb1 e5 23. Nb3 a4 24. Nd2 e4 25. fxe4 Nxe4 26. Nxe4 Qxe4+ 27. Kc1
Rxd1+ 28. Rxd1 Re8 29. Bf7 Qxe3+ 30. Qxe3 Rxe3 31. Bxg6 Be4 32. Rf1 a3 33. b4
Rxc3+ 34. Kd1 Rc2 35. Bxf5 Bxf5 36. Rxf5 Rxa2 37. Rf3 Rxg2 38. Rxa3 Rb2 39. Ra4
Kb7 40. Kc1 Rh2 41. b5 Kc8 42. Rd4 Kb7 43. Rd5 Re2 44. Kb1 Re7 45. Kb2 c6 46.
bxc6+ Kxc6 47. Rg5 Re3 48. Rh5 b5 49. Rg5 Kb6 50. Rh5 Ka5 51. Rh4 b4 52. Rh8
Re2+ 53. Kb3 Re3+ 54. Kb2 Re2+ 55. Kb3 Re3+ 56. Kb2 1/2-1/2

[Event "4NCL Online Division 4"]
[Site "online"]
[Date "2020.10.06"]
[Round "4.82"]
[White "Tyton, Adam"]
[Black "Smith, David W"]
[Result "0-1"]
[WhiteElo "1915"]
[BlackElo "1690"]
[PlyCount "72"]
[EventDate "2020.10.06"]
[WhiteTeam "Bolton and Worsley"]
[BlackTeam "Doughnuts of Doom"]

1. e4 d6 2. d4 Nf6 3. Nc3 g6 4. Be3 Bg7 5. f3 c6 6. h4 h5 7. Qd2 b5 8. Bd3 Nbd7
9. Nh3 Bb7 10. O-O-O b4 11. Ne2 Qa5 12. Kb1 c5 13. dxc5 Nxc5 14. Bc4 O-O 15.
Nhf4 Rac8 16. Nxg6 Ncxe4 17. Nxe7+ Kh8 18. fxe4 Rxc4 19. Ng3 Nxe4 20. Nxe4 Bxe4
21. Rc1 Qe5 22. Bd4 Rxd4 23. Qg5 Rc4 24. Qxe5 dxe5 25. Rhf1 Rc7 26. Nf5 Bxf5
27. Rxf5 Re7 28. Rcf1 e4 29. Rxh5+ Kg8 30. Rg5 e3 31. h5 e2 32. Re1 Rd8 33. Kc1
Kh7 34. Rg4 Bh6+ 35. Kb1 Rd1+ 36. Rxd1 exd1=Q# 0-1

[Event "4NCL Online Division 4"]
[Site "online"]
[Date "2020.10.06"]
[Round "4.83"]
[White "Ball, Katie C"]
[Black "Doherty, Paul"]
[Result "0-1"]
[WhiteElo "1532"]
[BlackElo "1738"]
[PlyCount "94"]
[EventDate "2020.10.06"]
[WhiteTeam "Doughnuts of Doom"]
[BlackTeam "Bolton and Worsley"]

1. d4 d6 2. Nc3 Nf6 3. Bf4 c6 4. e4 Qa5 5. Bd3 e5 6. dxe5 dxe5 7. Bg3 Be7 8.
Nf3 Bg4 9. Qd2 Bxf3 10. gxf3 Nbd7 11. O-O-O b5 12. a3 b4 13. axb4 Bxb4 14. Qe1
Qa1+ 15. Kd2 Qxb2 16. Rb1 Qxc3+ 17. Ke2 Qxe1+ 18. Rhxe1 Bxe1 19. Kxe1 O-O 20.
Rb7 a5 21. Rc7 a4 22. Rxc6 a3 23. Bc4 Rfc8 24. Rxc8+ Rxc8 25. Bb3 Nc5 26. Ba2
Nfd7 27. Kd2 Na4 28. Kc1 Nc3 29. Bb3 Ne2+ 30. Kb1 Nxg3 31. fxg3 Kf8 32. Ka2 Ra8
33. Bd5 Ra7 34. Bc6 Ke7 35. c3 Rc7 36. Bxd7 Kxd7 37. Kxa3 Rxc3+ 38. Kb4 Rxf3
39. Kc5 Ke6 40. Kc6 Re3 41. Kc7 Rxe4 42. Kd8 Rd4+ 43. Ke8 e4 44. Kf8 g5 45. Kg7
e3 46. Kxh7 e2 47. Kh6 e1=Q 0-1

[Event "4NCL Online Division 4"]
[Site "online"]
[Date "2020.10.06"]
[Round "4.84"]
[White "Lamb, Ian"]
[Black "Ball, Charlie"]
[Result "1-0"]
[WhiteElo "1690"]
[BlackElo "1600"]
[PlyCount "55"]
[EventDate "2020.10.06"]
[WhiteTeam "Bolton and Worsley"]
[BlackTeam "Doughnuts of Doom"]

1. Nf3 d5 2. g3 Bf5 3. Bg2 e6 4. O-O Nf6 5. d3 c6 6. b3 Be7 7. Bb2 h5 8. h4
Nbd7 9. Nbd2 Ng4 10. e4 dxe4 11. dxe4 Bh7 12. Bxg7 Rg8 13. Bb2 Bc5 14. Bd4 Bxd4
15. Nxd4 Nc5 16. c3 Qc7 17. b4 Nd3 18. Qe2 Nde5 19. N2f3 Nxf3+ 20. Nxf3 O-O-O
21. Ng5 Bg6 22. a4 Qe5 23. b5 c5 24. f4 Qxc3 25. Bf3 Rd2 26. Qe1 Nh2 27. Rc1
Nxf3+ 28. Nxf3 1-0

[Event "4NCL Online Division 4"]
[Site "online"]
[Date "2020.10.06"]
[Round "4.91"]
[White "Cheal, Barry A"]
[Black "Dasgupta, Avyukt"]
[Result "1/2-1/2"]
[WhiteElo "2193"]
[BlackElo "1757"]
[PlyCount "87"]
[EventDate "2020.10.06"]
[WhiteTeam "Hertford 1"]
[BlackTeam "Watford Juniors A"]

1. d4 e6 2. Nf3 Nf6 3. c4 b6 4. g3 Bb7 5. Bg2 Be7 6. Nc3 d5 7. cxd5 Nxd5 8. O-O
Nd7 9. Nxd5 Bxd5 10. a3 c5 11. Be3 Rc8 12. Rc1 Bf6 13. Qd2 cxd4 14. Rxc8 Qxc8
15. Bxd4 O-O 16. Rc1 Qb7 17. Bxf6 Nxf6 18. Ne1 Bxg2 19. Nxg2 h6 20. Ne3 Rc8 21.
f3 Rxc1+ 22. Qxc1 Nd5 23. Nd1 Qc7 24. Qxc7 Nxc7 25. Kf2 Kf8 26. e4 Ke7 27. Ke3
e5 28. Nc3 Ke6 29. Kd3 b5 30. Nd1 Kd6 31. Ne3 g6 32. h4 h5 33. b3 a5 34. a4
bxa4 35. bxa4 Na6 36. Nc4+ Ke6 37. Nxa5 Nc5+ 38. Kc4 Nxa4 39. Nb3 Nb6+ 40. Kb5
Nd7 41. Kc6 f5 42. exf5+ gxf5 43. Nc5+ Nxc5 44. Kxc5 1/2-1/2

[Event "4NCL Online Division 4"]
[Site "online"]
[Date "2020.10.06"]
[Round "4.92"]
[White "Khandelwal, Akshaj"]
[Black "Morris, Simon P"]
[Result "0-1"]
[WhiteElo "1150"]
[BlackElo "1915"]
[PlyCount "60"]
[EventDate "2020.10.06"]
[WhiteTeam "Watford Juniors A"]
[BlackTeam "Hertford 1"]

1. d4 e6 2. c4 b6 3. Nc3 Bb7 4. e4 Bb4 5. f3 Qh4+ 6. g3 Qh5 7. Bg2 f5 8. a3
Bxc3+ 9. bxc3 Ne7 10. exf5 Qxf5 11. g4 Qf7 12. Bg5 O-O 13. Bxe7 Qxe7 14. Qd3
Qh4+ 15. Ke2 Nc6 16. Rd1 Rae8 17. h3 Na5 18. Kd2 Ba6 19. Kc2 Nxc4 20. Qe4 Qf2+
21. Qe2 Ne3+ 22. Kc1 Bxe2 23. Rd2 Qxg2 24. Nxe2 Qxh1+ 25. Kb2 Nc4+ 26. Kc2 Nxd2
27. Kxd2 Qxf3 28. Ke1 Qf1+ 29. Kd2 Rf2 30. Kd3 Qxe2# 0-1